[Event "KB Czech Open"]
[Site "Pardubice CZE"]
[Date "2000.07.21"]
[Round "1"]
[White "Civin,T"]
[Black "Navara,D"]
[Result "1/2-1/2"]
[WhiteElo "2258"]
[BlackElo "2433"]

1.d4 Nf6 2.c4 g6 3.Nc3 d5 4.cxd5 Nxd5 5.e4 Nxc3 6.bxc3 Bg7 7.Nf3 c5 8.Rb1 O-O
9.Be2 b6 10.O-O Bb7 11.Qd3 e6 12.Bg5 Qd6 13.Rfd1 cxd4 14.cxd4 Nd7 15.Qe3 Rfc8
16.e5 Qf8 17.Nd2 Bd5 18.a4 f6 19.exf6 Nxf6 20.Bf3 Rc6 21.Rdc1 Rac8 22.Rxc6 Rxc6
23.h3 Bxf3 24.Nxf3 Nd5 25.Qe1 Qf5 26.a5 h6 27.Bd2 Kh7 28.axb6 axb6 29.Ra1 b5
30.Ra7 Rc7 31.Rxc7 Nxc7 32.Bb4 Qd5 33.Qa1 Qb7 34.h4 Nd5 35.Bd2 b4 36.Qb1 Qf7
37.Bxb4 Qb7 38.h5 Kh8 39.Qxg6 Qxb4 40.Qxe6 Nf6 41.Qf5 Qb3 42.g4 Qd5 43.Qxd5 Nxd5
44.Ne5 Nc3 45.Kg2 Nb5 46.Ng6+ Kg8 47.d5 Kf7 48.f4 Nc3 49.d6 Ke6 50.Ne7 Ne4
51.Nf5  1/2-1/2

[Event "ch-Paris"]
[Site "Paris FRA"]
[Date "2000.07.21"]
[Round "7"]
[White "Mazet,J"]
[Black "Faby,F"]
[Result "1-0"]
[WhiteElo "2190"]
[BlackElo "2063"]

1.d4 Nf6 2.c4 g6 3.Nc3 d5 4.cxd5 Nxd5 5.e4 Nxc3 6.bxc3 Bg7 7.Be3 c5 8.Qd2 Nc6
9.Rd1 cxd4 10.cxd4 Qa5 11.Nf3 O-O 12.Be2 Bg4 13.O-O Qxd2 14.Rxd2 Rfd8 15.d5 Bxf3
16.gxf3 Na5 17.Rc2 b6 18.Bg5 f6 19.Bd2 f5 20.Bb4 Rd7 21.Bb5 Rb7 22.Ba6 Rd7
23.Bc8 Rxc8 24.Rxc8+ Kf7 25.Rfc1 Be5 26.Bc3 Bf4 27.Rc2 Nb7 28.Bd4 Nd8 29.Be3 Bd6
30.Kg2 Ke8 31.Ra8 Kf7 32.Rcc8 Ke8 33.a4 f4 34.Bd4 Bb4 35.Be5 Bd6 36.Bc3 Bc5
37.a5 g5 38.Be5 Bd6 39.axb6 axb6 40.Bd4 Bc5 41.Bxc5 bxc5 42.Rxc5  1-0

[Event "Politiken Cup"]
[Site "Copenhagen DEN"]
[Date "2000.07.26"]
[Round "9"]
[White "Hillarp Persson,T"]
[Black "Golod,V"]
[Result "0-1"]
[WhiteElo "2549"]
[BlackElo "2590"]

1.d4 Nf6 2.c4 g6 3.Nc3 d5 4.cxd5 Nxd5 5.e4 Nxc3 6.bxc3 Bg7 7.Nf3 c5 8.Rb1 O-O
9.Be2 Nc6 10.d5 Ne5 11.Nxe5 Bxe5 12.Rb3 Qc7 13.Qd2 e6 14.f4 c4 15.Rb4 Bd6
16.Rxc4 Qb6 17.e5 exd5 18.Rxc8 Raxc8 19.exd6 Qxd6 20.Rf1 Qc5 21.f5 Rfe8 22.Kd1 d4
23.c4 b5 24.Bb2 bxc4 25.Bxd4 Qd5 26.fxg6 hxg6 27.Bf3 Qf5 28.Kc1 Rb8 29.Bb2 c3  0-1

[Event "Glorney and Faber Cup"]
[Site "Dublin IRL"]
[Date "2000.07.26"]
[Round "4"]
[White "Blackburn,J"]
[Black "Dooley,M"]
[Result "1/2-1/2"]
[WhiteElo "2143"]
[BlackElo "2146"]

1.d4 Nf6 2.c4 g6 3.Nc3 d5 4.cxd5 Nxd5 5.e4 Nxc3 6.bxc3 Bg7 7.Nf3 O-O 8.Be2 c5
9.Rb1 cxd4 10.cxd4 b6 11.O-O Bb7 12.Bd3 Qd7 13.Bb2 Rd8 14.Qe2 e6 15.Rfd1 Nc6
16.Bb5 a6 17.Ba4 b5 18.Bb3 Na5 19.Bc3 Nxb3 20.Rxb3 Qc6 21.Re1 Rac8 22.Ba5 Re8
23.h3 Qd7 24.Rd1 Qe7 25.Qd3 f5  1/2-1/2

[Event "KB Czech Open"]
[Site "Pardubice CZE"]
[Date "2000.07.26"]
[Round "6"]
[White "Mirovshchikov,S"]
[Black "Votava,J"]
[Result "0-1"]
[WhiteElo "2375"]
[BlackElo "2506"]

1.d4 Nf6 2.c4 g6 3.Nc3 d5 4.cxd5 Nxd5 5.e4 Nxc3 6.bxc3 Bg7 7.Be3 c5 8.Nf3 Qa5
9.Qd2 Bg4 10.Rc1 Bxf3 11.gxf3 e6 12.d5 exd5 13.exd5 Nd7 14.c4 Qb6 15.Be2 Qd6
16.Kf1 f5 17.Kg2 O-O 18.Bf4 Be5 19.Bxe5 Nxe5 20.f4 Nc6 21.Rce1 Nd4 22.Bd1 a6
23.Re5 b5 24.Bb3 g5 25.Rhe1 g4 26.Re6 Qd8 27.cxb5 Nf3 28.Qe3 Qh4 29.Kf1 Qh3+
30.Ke2 Nxe1 31.Qxh3 gxh3 32.d6 Ng2 33.Kf3 axb5  0-1

[Event "MTO Open"]
[Site "Biel SUI"]
[Date "2000.07.27"]
[Round "4"]
[White "Buss,R"]
[Black "Beshukov,S"]
[Result "0-1"]
[WhiteElo "2183"]
[BlackElo "2428"]

1.d4 Nf6 2.c4 g6 3.Nc3 d5 4.cxd5 Nxd5 5.e4 Nxc3 6.bxc3 Bg7 7.Bc4 c5 8.Ne2 O-O
9.Be3 Nc6 10.Rc1 Qa5 11.Kf1 b6 12.d5 Ne5 13.Bb3 Ng4 14.Bd2 c4 15.Bc2 Qc5
16.Nd4 f5 17.h3 Ne5 18.Be3 f4 19.Bd2 Bd7 20.f3 Rac8 21.Be1 Qa3 22.Kg1 Nd3
23.Bxd3 cxd3 24.Bd2 Ba4 25.Qf1 Bxd4+ 26.cxd4 Rxc1 27.Bxc1 Qc3 28.Kh2 d2 29.Bxd2 Qxd2
30.d6 Qxd4 31.dxe7 Re8  0-1

[Event "Politiken Cup"]
[Site "Copenhagen DEN"]
[Date "2000.07.27"]
[Round "10"]
[White "Dongart,D"]
[Black "Hansen,Mo"]
[Result "1-0"]
[WhiteElo "2138"]
[BlackElo "2085"]

1.d4 Nf6 2.c4 g6 3.Nc3 d5 4.cxd5 Nxd5 5.e4 Nxc3 6.bxc3 Bg7 7.Nf3 O-O 8.Rb1 c5
9.Be2 Qc7 10.O-O Bg4 11.Be3 Nc6 12.d5 Ne5 13.Nxe5 Bxe2 14.Qxe2 Bxe5 15.f4 Bg7
16.c4 a6 17.e5 Rfd8 18.a4 Rab8 19.Qd2 b6 20.Rfd1 Qd7 21.Qc2 Qc7 22.Qf2 f6
23.e6 a5 24.f5  1-0

[Event "MTO Open"]
[Site "Biel SUI"]
[Date "2000.08.01"]
[Round "8"]
[White "Bagirov,R"]
[Black "Avrukh,B"]
[Result "1/2-1/2"]
[WhiteElo "2471"]
[BlackElo "2625"]

1.d4 Nf6 2.c4 g6 3.Nc3 d5 4.cxd5 Nxd5 5.e4 Nxc3 6.bxc3 Bg7 7.Nf3 c5 8.Bb5+ Nd7
9.O-O O-O 10.a4 a6 11.Bc4 cxd4 12.cxd4 Nc5 13.e5 Nd7 14.e6 Nb6 15.exf7+ Kh8
16.Bb3 Nd5 17.Qe2 Bf5 18.Bg5 Rxf7 19.Rac1 Rf8 20.Rfe1 Bg4 21.Qe4 Bxf3 22.gxf3 Rf5
23.Bxe7 Nxe7 24.Qxe7 Qxd4 25.Rcd1 Qb2 26.Bd5 Raf8 27.Qxb7 Rg5+ 28.Kf1 Qc2
29.Qc6 Qxc6 30.Bxc6 Rc5 31.Re6 a5 32.Rd7 Re5 33.Ree7 Rxe7 34.Rxe7 Bc3 35.Kg2 Bb4
36.Rd7 Rc8 37.Be4 Re8 38.Kg3 Re7 39.Rd8+ Kg7 40.h4 Rc7 41.Rd5 Kf6  1/2-1/2

[Event "Valoz Cup"]
[Site "Olomouc CZE"]
[Date "2000.08.02"]
[Round "1"]
[White "Wiley,To"]
[Black "Voloshin,L"]
[Result "1/2-1/2"]
[WhiteElo "2274"]
[BlackElo "2455"]

1.d4 Nf6 2.c4 g6 3.Nc3 d5 4.cxd5 Nxd5 5.e4 Nxc3 6.bxc3 Bg7 7.Be3 c5 8.Qd2 Qa5
9.Rb1 cxd4 10.cxd4 Qxd2+ 11.Kxd2 O-O 12.Nf3 Rd8 13.Bd3 e6 14.Rhc1 Nc6 15.Rc4 Bd7
16.Ke2 b6 17.Rbc1 Rdc8 18.h3 Ne7 19.Nd2 Rxc4 20.Rxc4 Rc8 21.Rxc8+ Nxc8 22.Ba6  1/2-1/2

[Event "FIDE women's World Cup Gp B"]
[Site "Shenyang CHN"]
[Date "2000.08.04"]
[Round "4"]
[White "Amura,C"]
[Black "Qin Kanying"]
[Result "0-1"]
[WhiteElo "2351"]
[BlackElo "2501"]

1.d4 Nf6 2.c4 g6 3.Nc3 d5 4.cxd5 Nxd5 5.e4 Nxc3 6.bxc3 Bg7 7.Bc4 c5 8.Be3 O-O
9.Ne2 Nc6 10.O-O Bg4 11.f3 Na5 12.Bd3 cxd4 13.cxd4 Be6 14.Rc1 Bxa2 15.Qa4 Bb3
16.Qb4 b6 17.Bg5 f6 18.Bh4 Bf7 19.d5 Nb7 20.Nd4 Nc5 21.Bb5 Bh6 22.Nc6 Qc7
23.Bg3 Qb7 24.Rc2 Rfc8 25.Bf2 Bf8 26.Bxc5 bxc5 27.Qxc5 Qb6 28.Rfc1 Rc7 29.Qxb6 axb6
30.Nd4 Rxc2 31.Rxc2 f5 32.Bd7 fxe4 33.fxe4 Bh6 34.Kf2 Kg7 35.Rb2 Ra7 36.Ne6+ Bxe6
37.Bxe6 Ra3 38.Ke2 Be3 39.d6 exd6 40.Rb3 Rxb3 41.Bxb3 Bg1 42.h3 Kf6 43.Bc4 Ke5
44.Kd3 Kf4 45.Bg8 h6 46.Bf7 g5 47.Bh5 b5 48.Be8 b4 49.Bc6 Bf2 50.Kc4 Be1
51.Bd5 Kg3 52.Kd3 Bc3 53.Ke2 Kxg2 54.e5+ Kxh3 55.exd6 g4 56.Be6 Bd4 57.Kd3 Bb6
58.Ke4 h5 59.Kf4 Kh2  0-1

[Event "HZ Open"]
[Site "Vlissingen NED"]
[Date "2000.08.04"]
[Round "8"]
[White "Van Beek,L"]
[Black "Golod,V"]
[Result "0-1"]
[WhiteElo "2416"]
[BlackElo "2590"]

1.d4 Nf6 2.c4 g6 3.Nc3 d5 4.cxd5 Nxd5 5.e4 Nxc3 6.bxc3 Bg7 7.Be3 c5 8.Qd2 cxd4
9.cxd4 Nc6 10.Rd1 Bg4 11.f3 Bd7 12.Bb5 O-O 13.Ne2 Na5 14.Bd3 Rc8 15.Qb4 b5
16.d5 Nc4 17.Bxa7 Nb2 18.Rd2 Nxd3+ 19.Rxd3 Rc4 20.Qd2 Qc7 21.Bd4 Bxd4 22.Rxd4 Rc2
23.Qb4 Ra8 24.Rd2 Raxa2  0-1

[Event "Open"]
[Site "Chania GRE"]
[Date "2000.08.06"]
[Round "5"]
[White "Kouvatsos,F"]
[Black "Mouroutis,K"]
[Result "0-1"]
[WhiteElo "2076"]
[BlackElo "2217"]

1.d4 Nf6 2.c4 g6 3.Nc3 d5 4.cxd5 Nxd5 5.e4 Nxc3 6.bxc3 Bg7 7.Be3 O-O 8.Bc4 c5
9.Ne2 cxd4 10.cxd4 Nc6 11.O-O Bg4 12.f3 Na5 13.Bb3 Bd7 14.Rc1 Bb5 15.Rf2 Rc8
16.Rxc8 Qxc8 17.Nf4 Nc4 18.Bxc4 Bxc4 19.d5 Qd7 20.Bxa7 Ra8 21.Be3 Bxa2 22.Bd4 Bb3
23.Qd3 Bc4 24.Qc3 Qb5 25.Rd2 Qb1+ 26.Kf2 Qf1+ 27.Kg3 Qe1+ 28.Kh3 g5 29.g3 Bxd4
30.Qxd4 gxf4 31.Rd1 Bf1+ 32.Kh4 Qe2  0-1

[Event "TCh-ESP"]
[Site "Barcelona ESP"]
[Date "2000.08.09"]
[Round "5"]
[White "Del Rio Angelis,S"]
[Black "Paramos Dominguez,R"]
[Result "1/2-1/2"]
[WhiteElo "2467"]
[BlackElo "2439"]

1.d4 Nf6 2.c4 g6 3.Nc3 d5 4.cxd5 Nxd5 5.e4 Nxc3 6.bxc3 Bg7 7.Nf3 c5 8.Rb1 O-O
9.Be2 cxd4 10.cxd4 Qa5+ 11.Bd2 Qxa2 12.O-O Bg4 13.Bg5 h6 14.Bh4 e6 15.Rxb7 g5
16.Bg3 Rd8 17.h3 Bxf3 18.Bxf3 Rxd4 19.Bxb8 Rxd1 20.Rxd1 Qa5 21.Rc1 Qd8 22.Bxa7 Bd4
23.Bxd4 Qxd4 24.Bh5 Ra1 25.Rxa1 Qxa1+ 26.Kh2 Qe5+ 27.Kg1 Qa1+ 28.Kh2 Qe5+
29.Kg1 f6 30.Re7 Qa1+ 31.Kh2 Qe5+ 32.Kg1 Qa1+  1/2-1/2

[Event "TCh-ESP"]
[Site "Barcelona ESP"]
[Date "2000.08.12"]
[Round "8"]
[White "Barraza Caracel,I"]
[Black "Garzon Sanchez,J"]
[Result "1/2-1/2"]
[WhiteElo "2150"]
[BlackElo "2169"]

1.d4 Nf6 2.c4 g6 3.Nc3 d5 4.cxd5 Nxd5 5.e4 Nxc3 6.bxc3 Bg7 7.Bc4 c5 8.Ne2 O-O
9.O-O Nc6 10.Be3 Na5 11.Bd3 e5 12.d5 b6 13.f4 exf4 14.Bxf4 f5 15.Rc1 fxe4
16.Bxe4 Bf5 17.Ng3 Bxe4 18.Nxe4 Qe7 19.Qd3 c4 20.Qe2 Rae8 21.Rce1 Qd7 22.Qd2 Nb7
23.h3 Kh8 24.Ng5 Rxe1 25.Rxe1 Nc5 26.Ne6 Nxe6 27.Rxe6 Rd8 28.Be5 Bxe5 29.Rxe5 Qd6
30.Qe3 Kg8 31.Qe4 Rf8 32.h4 Qc5+ 33.Kh2 Qd6 34.g3 Qc5 35.Qe3 Qxe3 36.Rxe3 Rf2+
37.Kh3 Rxa2 38.d6 Rd2 39.Re8+ Kf7 40.Re7+ Kf6 41.Rxa7 Rxd6 42.Rxh7  1/2-1/2

[Event "Paul Keres mem"]
[Site "Tallinn EST"]
[Date "2000.08.15"]
[Round "2"]
[White "Smirnov,Ar"]
[Black "Karasev,V"]
[Result "1/2-1/2"]
[WhiteElo "2225"]
[BlackElo "2358"]

1.d4 Nf6 2.c4 g6 3.Nc3 d5 4.cxd5 Nxd5 5.e4 Nxc3 6.bxc3 Bg7 7.Bc4 O-O 8.Ne2 Qd7
9.O-O b6 10.Be3 Bb7 11.f3 Nc6 12.Qd2 Na5 13.Bd3 c5 14.Bh6 Bxh6 15.Qxh6 cxd4
16.cxd4 Nc6 17.Bb5 Qd6 18.Rfd1 Rac8 19.e5 Nxe5 20.dxe5 Qc5+ 21.Nd4 Rfd8 22.Qe3 Rd5
23.Rd3 Rxe5 24.Qf2 Rd5 25.f4 Rxd4 26.Rxd4 Qxb5 27.Rad1 Kg7 28.Rd7 Qc6 29.Qb2+ Kh6
30.R1d3 Qc5+ 31.Qd4 Qc1+ 32.Rd1 Qc6 33.Qf2 Rc7 34.Rxc7 Qxc7 35.h3  1/2-1/2

[Event "Paul Keres mem"]
[Site "Tallinn EST"]
[Date "2000.08.16"]
[Round "3"]
[White "Danilov,N"]
[Black "Wunnink,M"]
[Result "1/2-1/2"]
[WhiteElo "2231"]
[BlackElo "2206"]

1.d4 Nf6 2.c4 g6 3.Nc3 d5 4.cxd5 Nxd5 5.e4 Nxc3 6.bxc3 Bg7 7.Nf3 c5 8.Rb1 O-O
9.Be2 cxd4 10.cxd4 Qa5+ 11.Bd2 Qxa2 12.O-O Bg4 13.Bg5 h6 14.Bh4 g5 15.Bg3 Nc6
16.d5 Rad8 17.Rxb7 f5 18.Rc7 fxe4 19.Rxc6 exf3 20.gxf3 Bh3 21.Re1 Kh8 22.Bc4 Qa3
23.Re3 Qb4 24.Rb3 Qa4 25.Qb1 Bd7 26.Rb4 Qa3 27.Rb3 Qa4 28.Rb4 Qa3 29.Rb3 Qa4  1/2-1/2

[Event "Lost Boys Open"]
[Site "Amsterdam NED"]
[Date "2000.08.18"]
[Round "8"]
[White "Van der Werf,M"]
[Black "Epishin,V"]
[Result "0-1"]
[WhiteElo "2429"]
[BlackElo "2567"]

1.d4 Nf6 2.c4 g6 3.Nc3 d5 4.cxd5 Nxd5 5.e4 Nxc3 6.bxc3 Bg7 7.Bb5+ c6 8.Ba4 Na6
9.Ne2 O-O 10.O-O e5 11.Be3 Qe7 12.Qc2 Be6 13.Rfe1 Rad8 14.Bb3 exd4 15.cxd4 Bxb3
16.axb3 c5 17.Ra4 cxd4 18.Bxd4 Bxd4 19.Nxd4 Rd7 20.Nf3 Rfd8 21.e5 Nb4 22.Qc3 Nd3
23.Rf1 b6 24.Rc4 a5 25.h4 b5 26.Rc8 b4 27.Rxd8+ Rxd8 28.Qa1 Rd5 29.h5 gxh5
30.Qd1 Qe6 31.Qc2 Kg7 32.Nh4 Qxe5 33.g3 Qc3 34.Qb1 Re5 35.Ng2 Re2 36.Qd1 Re5
37.Qf3 Nc5 38.Ne3 Ne6 39.Qg2 Qxb3 40.Rc1 Rxe3  0-1

[Event "ch-ESP"]
[Site "Barcelona ESP"]
[Date "2000.08.18"]
[Round "1"]
[White "Cortes Ventura,J"]
[Black "Fernandez Garcia,J"]
[Result "0-1"]
[WhiteElo "2075"]
[BlackElo "2454"]

1.d4 Nf6 2.c4 g6 3.Nc3 d5 4.cxd5 Nxd5 5.e4 Nxc3 6.bxc3 Bg7 7.f4 c5 8.Nf3 Nc6
9.d5 Bxc3+ 10.Bd2 Bxa1 11.Qxa1 Nd4 12.Nxd4 cxd4 13.Qxd4 f6 14.Bc4 Bd7 15.Qd3 Rc8
16.O-O O-O 17.h4 Qb6+ 18.Be3 Qb4 19.Bb3 Bb5 20.d6+ Kg7 21.Qd5 Bxf1 22.e5 Bc4
23.exf6+ exf6  0-1

[Event "Antwerp Chess Event"]
[Site "Deurne BEL"]
[Date "2000.08.21"]
[Round "3"]
[White "Winants,H"]
[Black "Wantiez,F"]
[Result "0-1"]
[WhiteElo "2117"]
[BlackElo "2244"]

1.d4 Nf6 2.c4 g6 3.Nc3 d5 4.cxd5 Nxd5 5.e4 Nxc3 6.bxc3 Bg7 7.Be3 c5 8.Qd2 Qa5
9.Rb1 a6 10.Rc1 Nd7 11.Nf3 b5 12.Bd3 Bb7 13.O-O c4 14.Bb1 O-O 15.Bh6 Rad8
16.Qg5 f6 17.Qh4 Bxh6 18.Qxh6 e5 19.Rfe1 exd4 20.cxd4 Qb6 21.h4 Qe6 22.h5 Qg4
23.hxg6 Qxg6 24.Qh3 Qf7 25.Nh4 Qh5 26.Qe6+ Kh8 27.Nf5 Bc8 28.Qe7 Rg8 29.Nd6 Rdf8
30.Nxc8 Qf3 31.g3 Rxg3+ 32.fxg3 Qxg3+  0-1

[Event "ch-FRA Women"]
[Site "Vichy FRA"]
[Date "2000.08.21"]
[Round "6"]
[White "Flear,C"]
[Black "Leconte,JO"]
[Result "0-1"]
[WhiteElo "2230"]
[BlackElo "2253"]

1.d4 Nf6 2.c4 g6 3.Nc3 d5 4.cxd5 Nxd5 5.e4 Nxc3 6.bxc3 Bg7 7.Bc4 O-O 8.Ne2 b6
9.O-O Nc6 10.Be3 Na5 11.Bd3 Bb7 12.Rb1 Qd7 13.f4 Qe6 14.f5 Qxa2 15.Rb4 c5
16.Ra4 Qb3 17.Qa1 c4 18.Rb4 cxd3 19.Rxb3 Nxb3 20.Qb1 dxe2 21.Re1 Na5 22.Rxe2 Rac8
23.Bd2 Nc4 24.Bf4 e5 25.Bg5 f6 26.Bh4 Bh6 27.Qb3 Kh8 28.Bf2 gxf5 29.exf5 Bf4
30.Ra2 Rg8 31.g3 a6 32.Qb4 Rg7 33.Kf1 Nd2+ 34.Ke2 Bf3+ 35.Kd3 Be4+ 36.Ke2 Bf3+
37.Kd3 e4+ 38.Kc2 e3 39.Be1 Be4+ 40.Kb2 Nc4+ 41.Ka1 Bd6 42.Qa4 a5 43.Qd1 b5
44.Qh5 b4  0-1

[Event "ECh-u20"]
[Site "Aviles ESP"]
[Date "2000.08.23"]
[Round "7"]
[White "Ortega Ruiz,J"]
[Black "Navarro Cia,M"]
[Result "1-0"]
[WhiteElo "2255"]
[BlackElo "2307"]

1.d4 Nf6 2.c4 g6 3.Nc3 d5 4.cxd5 Nxd5 5.e4 Nxc3 6.bxc3 Bg7 7.Be3 c5 8.Bc4 O-O
9.Ne2 Nc6 10.O-O Bg4 11.f3 Na5 12.Bxf7+ Rxf7 13.fxg4 Rxf1+ 14.Kxf1 cxd4 15.cxd4 e5
16.d5 Nc4 17.Qd3 b5 18.Kg1 Nxe3 19.Qxe3 Bf8 20.Rd1 Bd6 21.h3 Rc8 22.Rc1 a5
23.Kh2 b4 24.Qa7 Ra8 25.Qb7 Rb8 26.Qc6 b3 27.axb3 Rxb3 28.Nc3 Rb6 29.Qc4 Rb4
30.Qa6 Qf6 31.Rf1 Qd8 32.Nb5 Bf8 33.Nc7 Qd6 34.Ne6 Rb6 35.Qxb6  1-0

[Event "MSO Ron Banwell mem"]
[Site "London ENG"]
[Date "2000.08.23"]
[Round "4"]
[White "Buckley,G"]
[Black "Gormally,D"]
[Result "0-1"]
[WhiteElo "2351"]
[BlackElo "2499"]

1.d4 Nf6 2.c4 g6 3.Nc3 d5 4.cxd5 Nxd5 5.e4 Nxc3 6.bxc3 Bg7 7.Bc4 c5 8.Ne2 O-O
9.O-O Nc6 10.Be3 Qc7 11.Rc1 Rd8 12.Bf4 Qd7 13.d5 Na5 14.Bd3 e6 15.c4 b5 16.cxb5 c4
17.Bc2 exd5 18.Qxd5 Qe7 19.Qxa8 Bg4 20.Qxd8+ Qxd8 21.Rfd1 Qe7 22.f3 Be6 23.Rd6 c3
24.Rcd1 h6 25.e5 Nc4 26.Rd8+ Kh7 27.Nxc3 Na3 28.Bxg6+ Kxg6 29.Ne4 Nxb5 30.g4 Nc3
31.Nxc3 Qc5+ 32.Kg2 Qxc3 33.Bg3 Bxe5 34.R1d3 Qc7 35.Rg8+ Kh7 36.Rdd8 Qc2+
37.Kh3 Bf6 38.Ra8 Qe2  0-1

[Event "Antwerp Chess Event"]
[Site "Deurne BEL"]
[Date "2000.08.25"]
[Round "6"]
[White "Vanderstricht,G"]
[Black "Gorshkova,I"]
[Result "1/2-1/2"]
[WhiteElo "2369"]
[BlackElo "2131"]

1.d4 Nf6 2.c4 g6 3.Nc3 d5 4.cxd5 Nxd5 5.e4 Nxc3 6.bxc3 Bg7 7.Bc4 O-O 8.Ne2 Nc6
9.Be3 e5 10.Qd2 Na5 11.Bd3 exd4 12.cxd4 c5 13.Bg5 f6 14.Be3 cxd4 15.Bxd4 Nc6
16.Bc3 f5 17.Bc4+ Kh8 18.Qb2 Bxc3+ 19.Qxc3+ Qf6 20.Qxf6+ Rxf6 21.O-O fxe4
22.Nc3 Bf5 23.Rae1 Rd6 24.Bd5 Re8 25.Bxe4 Bxe4 26.Nxe4 Rde6 27.f3 Rd8 28.Rb1 Re7
29.Rb2 Kg7 30.Rfb1 b6 31.Rc1 Ne5 32.Rbc2 Rdd7 33.Rc8 Nd3 34.Rd1 Nf4 35.Rxd7  1/2-1/2

[Event "Open"]
[Site "Collado Villalba ESP"]
[Date "2000.08.26"]
[Round "5"]
[White "Pogorelov,R"]
[Black "Herrera,I"]
[Result "1-0"]
[WhiteElo "2445"]
[BlackElo "2467"]

1.d4 Nf6 2.c4 g6 3.Nc3 d5 4.cxd5 Nxd5 5.e4 Nxc3 6.bxc3 Bg7 7.Nf3 c5 8.Rb1 O-O
9.Be2 cxd4 10.cxd4 Qa5+ 11.Bd2 Qxa2 12.O-O Bg4 13.Bg5 h6 14.Be3 Nc6 15.d5 Na5
16.Bc5 Bf6 17.e5 Bxf3 18.Bxf3 Bxe5 19.Bxe7 b6 20.Re1 Bc3 21.Re2 Qc4 22.d6 Rad8
23.d7  1-0

[Event "ch-NED Women"]
[Site "Rotterdam NED"]
[Date "2000.08.26"]
[Round "5"]
[White "Peng Zhaoqin"]
[Black "Jap Tjoen San,L"]
[Result "1-0"]
[WhiteElo "2403"]
[BlackElo "2210"]

1.d4 Nf6 2.c4 g6 3.Nc3 d5 4.cxd5 Nxd5 5.e4 Nxc3 6.bxc3 Bg7 7.Bc4 c5 8.Ne2 O-O
9.O-O Nc6 10.Be3 Na5 11.Bd3 b6 12.Rc1 Bd7 13.d5 Nb7 14.c4 Nd6 15.f4 e5 16.dxe6 fxe6
17.Ng3 Bc6 18.Qe2 Qc7 19.Rce1 Rae8 20.Kh1 Qb7 21.Bc1 b5 22.cxb5 Nxb5 23.Qc2 Qb6
24.Be3 Nd4 25.Qc1 Bb5 26.Bxb5 Qxb5 27.e5 Rc8 28.Ne4 Nf5 29.Bxc5 Rfd8 30.Qa3 a5
31.Bd6 Rc4 32.Ng5 Re8 33.Qd3 Qd5 34.Qxd5 exd5 35.g4 Nxd6 36.exd6 Rd8 37.f5 Rxg4
38.d7 Rxd7 39.Re8+ Bf8 40.fxg6 Rxg5 41.Rfxf8+ Kg7 42.Rg8+ Kh6 43.gxh7 Rxh7
44.Rxg5 Kxg5 45.Re5+ Kg4 46.Rxd5 Ra7 47.a4 Kf3 48.Rf5+ Kg4 49.Rc5 Kf3 50.Rc3+ Kg4
51.Kg2 Kf4 52.Rc4+ Kf5 53.Kf3 Kg5 54.h4+ Kh5 55.Kg3 Rg7+ 56.Kh3 Ra7 57.Rc5+ Kh6
58.h5 Ra8 59.Kg4 Ra6 60.Kf4 Ra7 61.Ke3 Ra8 62.Kd3  1-0

[Event "ch-NED Women"]
[Site "Rotterdam NED"]
[Date "2000.09.01"]
[Round "10"]
[White "De Blecourt,S"]
[Black "Jap Tjoen San,L"]
[Result "1-0"]
[WhiteElo "2033"]
[BlackElo "2210"]

1.d4 Nf6 2.c4 g6 3.Nc3 d5 4.cxd5 Nxd5 5.e4 Nxc3 6.bxc3 Bg7 7.Nf3 c5 8.Rb1 O-O
9.Be2 cxd4 10.cxd4 Qa5+ 11.Bd2 Qxa2 12.O-O Bg4 13.Bg5 h6 14.Be3 Nc6 15.d5 Ne5
16.Rxb7 e6 17.d6 Rfd8 18.Re1 Bxf3 19.gxf3 Bf8 20.Qc1 Bxd6 21.Bxh6 Qa5 22.Rd1 Rac8
23.Qf4 Bf8 24.Rxd8 Rxd8 25.Bg5 Rc8 26.Bf6 Bg7 27.Bxe5 Qxe5 28.Qxf7+ Kh8 29.f4 Rc1+
30.Kg2 Qxe4+ 31.Bf3 Qd4 32.Qxg6 Rc8 33.Be4  1-0

[Event "chT-POL"]
[Site "Zakopane chT"]
[Date "2000.09.02"]
[Round "1"]
[White "Dziuba,M"]
[Black "Murawski,G"]
[Result "1-0"]
[WhiteElo "2392"]
[BlackElo "2311"]

1.c4 Nf6 2.Nc3 d5 3.d4 g6 4.cxd5 Nxd5 5.e4 Nxc3 6.bxc3 Bg7 7.Be3 c5 8.Qd2 Qa5
9.Rc1 cxd4 10.cxd4 Qxd2+ 11.Kxd2 O-O 12.Bd3 Nc6 13.Nf3 Rd8 14.d5 f5 15.Ke2 fxe4
16.Bxe4 Nb4 17.Rc7 Bf5 18.Bxf5 gxf5 19.Rxb7 Nxd5 20.Rc1 Nc3+ 21.Kf1 Nxa2
22.Rcc7 Nc3 23.Rxe7 Rd1+ 24.Ne1 Bf6 25.Rf7 Rad8 26.f3 Re8 27.Bf2 Nd5 28.g3 Bc3
29.Kg2 Re2 30.Kh3 Rxf2 31.Ng2 Rdd2 32.Rfd7 Bb4 33.Rg7+ Kf8 34.Rxh7 Ne7 35.Rb8+  1-0

[Event "Golombek Mem"]
[Site "Paignton ENG"]
[Date "2000.09.04"]
[Round "2"]
[White "Hillarp Persson,T"]
[Black "Naumann,A"]
[Result "1/2-1/2"]
[WhiteElo "2549"]
[BlackElo "2489"]

1.d4 Nf6 2.c4 g6 3.Nc3 d5 4.cxd5 Nxd5 5.e4 Nxc3 6.bxc3 Bg7 7.Be3 c5 8.Qd2 Qa5
9.Nf3 Bg4 10.Rc1 Bxf3 11.gxf3 e6 12.h4 Nc6 13.dxc5 h5 14.Be2 O-O 15.Kf1  1/2-1/2

[Event "FSIMB September"]
[Site "Budapest HUN"]
[Date "2000.09.11"]
[Round "10"]
[White "Bock,J"]
[Black "Gara,T"]
[Result "0-1"]
[WhiteElo "2245"]
[BlackElo "2296"]

1.d4 Nf6 2.c4 g6 3.Nc3 d5 4.cxd5 Nxd5 5.e4 Nxc3 6.bxc3 Bg7 7.Bc4 c5 8.Ne2 Nc6
9.Be3 O-O 10.O-O cxd4 11.cxd4 Bg4 12.f3 Na5 13.Bd3 Be6 14.d5 Bxa1 15.Qxa1 f6
16.Bh6 Qb6+ 17.Kh1 Rfd8 18.Nf4 Bf7 19.Rb1 Qd6 20.Qc3 b6 21.Ba6 Qc5 22.Qe1 Nc4
23.Rc1 b5 24.a4 Qb6 25.axb5 Ne5 26.Qg1 g5 27.Qxb6 axb6 28.Ne2 Be8 29.Nd4 Bd7
30.Nc6 Nf7 31.Nxe7+ Kh8 32.Nc6 Re8 33.h4 Nxh6 34.hxg5 fxg5 35.e5 Nf5 36.Re1 Bxc6
37.dxc6 Re7 38.Kh2 Rae8 39.g3 Nd4 40.Kg2 Ne6 41.Rd1 Nc5 42.f4 Ra7 43.Kf3 Kg7
44.Kg4 gxf4 45.gxf4 Kf7 46.Rd6 Nxa6 47.bxa6 Rxa6 48.Kf5 Ra7 49.e6+ Ke7 50.Ke5 Ra5+
51.Rd5 Rxd5+ 52.Kxd5 Rd8+ 53.Ke5 Rd6 54.c7 Rxe6+ 55.Kd5 Rd6+  0-1

[Event "It"]
[Site "Herzeliya ISR"]
[Date "2000.09.11"]
[Round "6"]
[White "Bykhovsky,Av"]
[Black "Marcelin,C"]
[Result "1/2-1/2"]
[WhiteElo "2415"]
[BlackElo "2433"]

1.d4 Nf6 2.c4 g6 3.Nc3 d5 4.cxd5 Nxd5 5.e4 Nxc3 6.bxc3 Bg7 7.Bc4 c5 8.Ne2 Nc6
9.Be3 O-O 10.O-O Bg4 11.f3 Na5 12.Bxf7+ Rxf7 13.fxg4 Rxf1+ 14.Kxf1 cxd4 15.cxd4 e5
16.Kg1 exd4 17.Bxd4 Bxd4+ 18.Qxd4 Qxd4+ 19.Nxd4 Rd8 20.Nf3 b5 21.Rc1 Nc4
22.a4 a6 23.axb5 axb5 24.Rb1 Rb8 25.Rb4 Re8 26.Rxb5 Nd6 27.Ra5 Nxe4 28.g5 Re7
29.h4 Kg7 30.Kh2 Nf2 31.Ra4 Nd3 32.Rd4 Ne1 33.Ng1 Nc2 34.Ra4 Ne3 35.Nh3 Nf1+
36.Kg1 Ng3 37.Kf2 Ne4+ 38.Kf3 Nd2+ 39.Kf4 Rf7+ 40.Ke5 Re7+ 41.Kd5 Nf1 42.Kd6 Re8
43.g4 Nd2 44.Ra7+ Kh8 45.Nf4 Nc4+ 46.Kd7 Rf8 47.Nd5 Nb6+ 48.Ke7 Rb8 49.Nxb6 Rxb6
50.Kf7 Rb8 51.Re7 Rg8 52.Re6 Rg7+ 53.Kf6 Rg8 54.h5 Rf8+ 55.Ke7 Kg7 56.Rd6 Ra8
57.Rd7 gxh5 58.gxh5 Kg8 59.Rd6 Ra7+ 60.Kf6 Ra8 61.Kf5 Rf8+ 62.Rf6 Ra8  1/2-1/2

[Event "It"]
[Site "Herzeliya ISR"]
[Date "2000.09.14"]
[Round "9"]
[White "Kaspi,A"]
[Black "Gustafsson,J"]
[Result "1/2-1/2"]
[WhiteElo "2488"]
[BlackElo "2506"]

1.d4 Nf6 2.c4 g6 3.Nc3 d5 4.cxd5 Nxd5 5.e4 Nxc3 6.bxc3 Bg7 7.Nf3 c5 8.Rb1 O-O
9.Be2 cxd4 10.cxd4 Qa5+ 11.Bd2 Qxa2 12.O-O Bg4 13.Bg5 h6 14.Bh4 a5 15.Rxb7 g5
16.Bg3 a4 17.Rc7 Qb2  1/2-1/2

[Event "ch-USA Women"]
[Site "Seattle USA"]
[Date "2000.09.25"]
[Round "1"]
[White "Baginskaite,C"]
[Black "Shahade,J"]
[Result "1/2-1/2"]
[WhiteElo "2287"]
[BlackElo "2238"]

1.d4 Nf6 2.c4 g6 3.Nc3 d5 4.cxd5 Nxd5 5.e4 Nxc3 6.bxc3 Bg7 7.Be3 c5 8.Nf3 Qa5
9.Qd2 Nc6 10.Rb1 O-O 11.Rb5 cxd4 12.Rxa5 dxe3 13.fxe3 Nxa5 14.c4 b6 15.Be2 Be6
16.Kf2 Rac8 17.Rc1 Bxc4 18.Nd4 Rc5 19.Qb4 Rfc8 20.Nb3 Nxb3 21.Rxc4 Rxc4 22.Bxc4 Nc5
23.Kf3 Be5 24.h3 Kg7 25.g4 h6 26.h4 Bf6 27.h5 Nd7 28.Bb3 Ne5+ 29.Kg3 Rc1
30.hxg6 Rg1+ 31.Kh3 Nf3 32.Qc4 Ng5+ 33.Kh2 Nf3+ 34.Kh3 Ng5+ 35.Kh2 Nf3+  1/2-1/2

[Event "WJun (Girls)"]
[Site "Yerevan ARM"]
[Date "2000.09.25"]
[Round "7"]
[White "Plachkinova,T"]
[Black "Moshina,C"]
[Result "1-0"]
[WhiteElo "2171"]
[BlackElo "2191"]

1.d4 Nf6 2.c4 g6 3.Nc3 d5 4.cxd5 Nxd5 5.e4 Nxc3 6.bxc3 Bg7 7.Nf3 c5 8.Rb1 O-O
9.Be2 cxd4 10.cxd4 Qa5+ 11.Bd2 Qxa2 12.O-O Bg4 13.Bg5 h6 14.Bh4 g5 15.Bg3 a5
16.Re1 a4 17.Nxg5 Bxe2 18.Rxe2 Qc4 19.Nf3 a3 20.Rc2 Qa4 21.Qc1 b5 22.Be5 Nd7
23.Bxg7 Kxg7 24.Rc6 Rh8 25.Qf4 e6 26.d5 Nf6 27.Qg3+ Kh7 28.Rc7 Rhf8 29.Qh3 a2
30.Ra1 Qd1+ 31.Rxd1 a1=Q 32.Rcc1 Qb2 33.dxe6 Ra2 34.Rf1 Ra7 35.Qf5+ Kg7 36.e5 Nh7
37.Rc6 Ra1 38.exf7 Rxf1+ 39.Kxf1 Qa1+ 40.Ne1 Qa2 41.Rg6+ Kh8 42.e6 Qc4+ 43.Qd3  1-0

[Event "EuYCh B18"]
[Site "Halkidiki GRE"]
[Date "2000.10.07"]
[Round "6"]
[White "Handke,F"]
[Black "Timofeev,Ar"]
[Result "0-1"]
[WhiteElo "2455"]
[BlackElo "2447"]

1.d4 Nf6 2.c4 g6 3.Nc3 d5 4.cxd5 Nxd5 5.e4 Nxc3 6.bxc3 Bg7 7.Nf3 c5 8.Rb1 O-O
9.Be2 b6 10.O-O Bb7 11.Qd3 Qc7 12.d5 Nd7 13.Bg5 Rfe8 14.Rbd1 Ne5 15.Bf4 Nxd3
16.Bxc7 c4 17.Nd2 Nb2 18.Rc1 Rac8 19.Bg3 b5 20.Bg4 e6 21.d6 Rcd8 22.e5 Nd3
23.f4 g5 24.fxg5 Bxe5 25.Bh5 Rf8 26.Rb1 Bxg3 27.hxg3 b4 28.Nxc4 Ba6 29.Ne3 bxc3
30.Rb3 Nc5 31.Rxc3 Ne4 32.Ra3 Bxf1 33.Nxf1 Rxd6 34.Rxa7 Nxg5 35.Ne3 Rd3 36.Kf2 Ne4+
37.Ke2 Rc3 38.Bf3 Nd6 39.Kf2 Nb5 40.Ra5 Nd4 41.Rg5+ Kh8 42.Ng4 f6 43.Ra5 Rb8
44.Be4 f5 45.Nf6 fxe4 46.Ra7 Rb2+ 47.Kg1 Nf3+  0-1